Cambridge English for Engineering

Uloženo v:
Podrobná bibliografie
Hlavní autor: Ibbotson, Mark (Autor)
Médium: Kniha
Jazyk:angličtina
Vydáno: Cambridge, United Kingdom: Cambridge University Press, 2008
Edice:Professional English
Témata:
On-line přístup:Disponible Online
Tagy: Přidat tag
Žádné tagy, Buďte první, kdo vytvoří štítek k tomuto záznamu!

MARC

LEADER 00000cam a2200000 a 4500
001 UCG9141
003 CL-VaPUC
005 20220423074500.0
008 120120e20080000UK |||||||||||||||||eng|d
999 |c 346708  |d 346706 
020 |a 9780521715188 
040 |c Pontificia Universidad Católica de Valparaíso 
082 0 4 |a 428 IBB 2008  |2 21 
100 1 |a Ibbotson, Mark  |e author  |9 560562 
245 1 0 |a Cambridge English for Engineering 
260 |a Cambridge, United Kingdom:  |b Cambridge University Press,  |c 2008 
300 |a 112 páginas  
490 0 |a Professional English 
500 |a Incluye 2 CDs de audio con material complementario 
583 |a last modification  |c 20120120 10:38:00  |k Rodrigo Vera 
650 0 |a Educación lingüística  |9 306506 
650 0 |a Enseñanza del inglés  |9 367340 
650 0 |a Inglés para ingenieros   |9 868728 
856 |u http://bibliografiadigital.pucv.cl/index.php/bibliotecapucv/catalog/book/928  |y Disponible Online  
942 |c BK  |2 ddc 
945 |d 20120120 00:00:00  |a dcastane 
952 |0 0  |1 0  |2 ddc  |4 0  |6 428_000000000000000_IBB_2008  |7 0  |9 447516  |a FDOILP  |b FDOILP  |d 2019-11-22  |i 4840496  |o 428 IBB 2008  |p 4840496  |r 2019-11-22  |w 2019-11-22  |y BK  |k ILP